[Event "Smuk Skak GM 2025"]
[Site "Skanderborg"]
[Date "2025.08.20"]
[Round "5.1"]
[White "Kaasen, Tor Fredrik"]
[Black "Pajeken, Jakob Leon"]
[Result "0-1"]
[WhiteElo "2478"]
[BlackElo "2443"]
[WhiteFideId "1516647"]
[BlackFideId "12942839"]
[EventDate "2025.08.16"]
[EventType "tourn"]
[EventRounds "9"]
[EventCountry "DEN"]
[SourceTitle "Live v. Skanderborg Skakklub"]

1. d4 Nf6 2. c4 e6 3. Nf3 d5 4. g3 Bb4+ 5. Nbd2 c5 6. Bg2 cxd4 7. cxd5 exd5 8. O-O O-O 9. Nb3 Re8 10. a3 Bd6 11. Nbxd4 Nc6 12. b4 Ne5 13. h3 Ne4 14. Qb3 Nc4 15. Ra2 Bd7 16. Bf4 Bxf4 17. gxf4 a5 18. e3 a4 19. Qd3 Ra6 20. Kh2 Rh6 21. Ne2 Qc8 22. Neg1 Rh5 23. Rc2 Qd8 24. Rd1 Qf6 25. Qd4 Nxa3 26. Qxf6 gxf6 27. Rc7 Bc6 28. Nd4 Nxf2 29. Bf3 Rh6 30. Rf1 Nd3 31. Nf5 Rg6 32. Bh5 Nb5 33. Re7 Ra8 34. Nf3 a3 35. N3h4 a2 36. Bxg6 hxg6 37. Nh6+ Kg7 38. Rxf7+ Kxh6 39. Rg1 g5 40. fxg5+ fxg5 41. Rf6+ Kg7 42. Rf5 Be8 43. Rfxg5+ Kf6 44. Rf5+ Ke6 45. Rff1 Nxb4 46. Ng6 Nc2 47. Nf8+ Kd6 48. Rf6+ Ke7 49. Rf2 a1=Q 0-1

[Event "Smuk Skak GM 2025"]
[Site "Skanderborg"]
[Date "2025.08.20"]
[Round "5.2"]
[White "Kistrup, Nicolai"]
[Black "Korneev, Oleg"]
[Result "1/2-1/2"]
[WhiteElo "2365"]
[BlackElo "2452"]
[WhiteFideId "1444816"]
[BlackFideId "4156803"]
[EventDate "2025.08.16"]
[EventType "tourn"]
[EventRounds "9"]
[EventCountry "DEN"]
[SourceTitle "Live v. Skanderborg Skakklub"]

1. e4 e5 2. Nf3 Nc6 3. d4 exd4 4. Nxd4 Bc5 5. Nb3 Bb6 6. Nc3 d6 7. Qe2 a5 8. Be3 a4 9. Bxb6 axb3 10. Be3 bxa2 11. Rxa2 Rxa2 12. Nxa2 Nge7 13. Nc3 O-O 14. Qd2 f5 15. f3 Kh8 16. Be2 Be6 17. O-O Ne5 18. b3 N5g6 19. Re1 f4 20. Bf2 Ne5 21. Nd5 Bxd5 22. exd5 N7g6 23. Kh1 b6 24. Bd3 Nxd3 25. Qxd3 Re8 26. Re4 Kg8 27. Kg1 Rxe4 28. Qxe4 Qe7 29. Qxe7 Nxe7 30. c4 b5 31. Kf1 bxc4 32. bxc4 Kf7 33. Ke2 c6 34. dxc6 Nxc6 35. Kd3 Ne5+ 36. Ke4 Nxc4 37. Kxf4 Ne5 38. Bd4 Ng6+ 39. Ke4 1/2-1/2

[Event "Smuk Skak GM 2025"]
[Site "Skanderborg"]
[Date "2025.08.20"]
[Round "5.3"]
[White "Olsen, Filip Boe"]
[Black "Ochsner, Bjorn Moller"]
[Result "1-0"]
[WhiteElo "2441"]
[BlackElo "2476"]
[WhiteFideId "1440640"]
[BlackFideId "1416928"]
[EventDate "2025.08.16"]
[EventType "tourn"]
[EventRounds "9"]
[EventCountry "DEN"]
[SourceTitle "Live v. Skanderborg Skakklub"]

1. e4 e5 2. Nf3 Nc6 3. Bc4 Bc5 4. d3 Nf6 5. Nc3 d6 6. Na4 a6 7. Nxc5 dxc5 8. a4 Qd6 9. Be3 O-O 10. h3 b6 11. O-O Nd4 12. Nd2 Ne6 13. Bxe6 Bxe6 14. f4 exf4 15. Bxf4 Qd4+ 16. Kh1 c4 17. Nf3 Qxb2 18. Bxc7 Qb4 19. Qe2 cxd3 20. cxd3 Nd7 21. Qe3 Qc5 22. Qf4 Rfc8 23. Rac1 Qh5 24. d4 Bb3 25. d5 Bxa4 26. Nd4 Re8 27. Nf5 Nc5 28. e5 Bb5 29. Nxg7 Kxg7 30. Qf6+ Kg8 31. e6 Bxf1 32. Rxf1 Nxe6 33. Be5 Qxe5 34. Qxe5 Nf8 35. Qc7 Rad8 36. Qxf7+ Kh8 37. Qf6+ Kg8 38. Rf5 Rd7 39. Rg5+ Ng6 40. h4 Rf7 41. Qxb6 1-0

[Event "Smuk Skak GM 2025"]
[Site "Skanderborg"]
[Date "2025.08.20"]
[Round "5.4"]
[White "Kanov, Nikola Krasimirov"]
[Black "Fromm, Marius"]
[Result "1-0"]
[WhiteElo "2429"]
[BlackElo "2407"]
[WhiteFideId "2928531"]
[BlackFideId "12993190"]
[EventDate "2025.08.16"]
[EventType "tourn"]
[EventRounds "9"]
[EventCountry "DEN"]
[SourceTitle "Live v. Skanderborg Skakklub"]

1. c4 c5 2. Nc3 Nc6 3. g3 g6 4. Bg2 Bg7 5. e3 e5 6. Nge2 Nge7 7. a3 O-O 8. Rb1 a5 9. O-O d6 10. d3 Rb8 11. Bd2 Be6 12. Nd5 b5 13. cxb5 Rxb5 14. Nec3 Rb8 15. Qa4 Bd7 16. Qc4 Be6 17. Qa6 Bc8 18. Nxe7+ Nxe7 19. Qc4 Qb6 20. Nd5 Nxd5 21. Bxd5 Ba6 22. Qc2 Rfc8 23. e4 Bb7 24. Bxb7 Rxb7 25. b4 axb4 26. Rxb4 Qa6 27. Rxb7 Qxb7 28. Rb1 Qa6 29. Qc4 Qxa3 30. Rb7 Rf8 31. Bg5 Qa1+ 32. Kg2 Qd4 33. Be7 Qxc4 34. dxc4 Ra8 35. Bxd6 Bf8 36. Bxe5 Re8 37. f4 f6 38. Rb8 Re6 39. Bc7 Kf7 40. e5 fxe5 41. Bxe5 Ra6 42. Rb7+ Kg8 43. g4 Ra2+ 44. Kg3 Ra3+ 45. Kf2 Ra2+ 46. Kf3 Rxh2 47. f5 Rh3+ 48. Ke4 gxf5+ 49. gxf5 Rh1 50. f6 Rf1 51. Kd5 h5 52. Ke6 h4 53. f7+ Kh7 54. Rb8 1-0

[Event "Smuk Skak GM 2025"]
[Site "Skanderborg"]
[Date "2025.08.20"]
[Round "5.5"]
[White "Baklan, Vladimir"]
[Black "Medhus, Vitus Bondo"]
[Result "1-0"]
[WhiteElo "2554"]
[BlackElo "2328"]
[WhiteFideId "14102196"]
[BlackFideId "1462547"]
[EventDate "2025.08.16"]
[EventType "tourn"]
[EventRounds "9"]
[EventCountry "DEN"]
[SourceTitle "Live v. Skanderborg Skakklub"]

1. e4 e5 2. Nf3 Nc6 3. Bc4 Nf6 4. d3 Bc5 5. a4 d6 6. a5 a6 7. c3 O-O 8. O-O Be6 9. Bxe6 fxe6 10. Be3 Ba7 11. Bxa7 Nxa7 12. Nbd2 Qd7 13. Qb3 Kh8 14. Rfe1 Nh5 15. g3 Qb5 16. Qxb5 axb5 17. b4 Nc6 18. Kg2 Ra7 19. Nb3 Nf6 20. d4 exd4 21. Nfxd4 Nxd4 22. Nxd4 c6 23. Nxe6 Re8 24. Ng5 Kg8 25. f3 h6 26. Nh3 Raa8 27. Nf2 Kf7 28. Rad1 Rad8 29. Re2 Nd5 30. Rd3 Nc7 31. Red2 d5 32. f4 Rb8 33. Kf3 b6 34. axb6 Rxb6 35. Ra2 Rb7 36. exd5 Nxd5 37. Ng4 Rbe7 38. Ra6 Re6 39. Ne5+ Kf6 40. Rxc6 Ne7 41. Rc5 g5 42. Rxb5 gxf4 43. gxf4 Ra8 44. Ng4+ Kf7 45. Re5 h5 46. Rxh5 Re1 47. Re5 Rf1+ 48. Ke4 Rg1 49. Rd7 Re8 50. h3 Re1+ 51. Kf3 Rf1+ 52. Kg2 Rxf4 53. Rexe7+ Rxe7 54. Ne5+ Ke6 55. Rxe7+ Kd6 56. Re8 Kc7 57. Nf3 1-0

[Event "Smuk Skak GM 2025"]
[Site "Skanderborg"]
[Date "2025.08.21"]
[Round "6.1"]
[White "Pajeken, Jakob Leon"]
[Black "Kanov, Nikola Krasimirov"]
[Result "1-0"]
[WhiteElo "2443"]
[BlackElo "2429"]
[WhiteFideId "12942839"]
[BlackFideId "2928531"]
[EventDate "2025.08.16"]
[EventType "tourn"]
[EventRounds "9"]
[EventCountry "DEN"]
[SourceTitle "Live v. Skanderborg Skakklub"]

1. e4 c5 2. Nf3 e6 3. d4 cxd4 4. Nxd4 Nc6 5. Nc3 Nf6 6. a3 Be7 7. Be3 O-O 8. Be2 d6 9. f4 e5 10. Nxc6 bxc6 11. Qd3 Nd7 12. O-O exf4 13. Bxf4 Ne5 14. Qe3 Be6 15. Rad1 Qa5 16. Kh1 Rfd8 17. b4 Qb6 18. Qg3 Rac8 19. Na4 Qc7 20. Nc5 Bf6 21. Nxe6 fxe6 22. c4 c5 23. bxc5 dxc5 24. Bg4 Re8 25. Rd3 Qf7 26. Bxe5 Bxe5 27. Rxf7 Bxg3 28. Rxa7 Be5 29. Ra6 Rb8 30. Rd1 Ra8 31. Bxe6+ Kh8 32. Rxa8 Rxa8 33. a4 g6 34. Bd7 Bd4 35. Bc6 Ra6 36. Bb5 Ra7 37. Re1 Be5 38. g3 Kg7 39. Kg2 Bc3 40. Re3 Bd4 41. Ra3 Bb2 42. Rf3 Be5 43. Kf2 h5 44. h3 Ra8 45. Ke2 Kh6 46. Rd3 Bd4 47. Kd2 Kg5 48. Ra3 Ra5 49. Rf3 Be5 50. Rd3 Kf6 51. Rf3+ Ke7 52. Kc2 Ra8 53. Ra3 Ra5 54. Rd3 Bd4 55. Rxd4 cxd4 56. Kd3 Kd6 57. Kxd4 Ra8 58. e5+ Kc7 59. Kc5 Rf8 60. a5 Rf5 61. Kd5 Rg5 62. a6 Rxg3 63. e6 Re3 64. a7 Kb7 65. Kd6 Rd3+ 66. Ke5 Re3+ 67. Kf6 Kxa7 68. e7 g5 69. e8=Q Rxe8 70. Bxe8 g4 71. hxg4 hxg4 72. Ke5 g3 73. Bc6 Kb6 74. Kd6 g2 75. Bxg2 Ka5 76. c5 Kb5 77. c6 Kc4 78. c7 Kc3 79. Bd5 Kd2 1-0

[Event "Smuk Skak GM 2025"]
[Site "Skanderborg"]
[Date "2025.08.21"]
[Round "6.2"]
[White "Korneev, Oleg"]
[Black "Kaasen, Tor Fredrik"]
[Result "1/2-1/2"]
[WhiteElo "2452"]
[BlackElo "2478"]
[WhiteFideId "4156803"]
[BlackFideId "1516647"]
[EventDate "2025.08.16"]
[EventType "tourn"]
[EventRounds "9"]
[EventCountry "DEN"]
[SourceTitle "Live v. Skanderborg Skakklub"]

1. e4 c5 2. Nf3 d6 3. Bb5+ Nd7 4. d4 cxd4 5. Qxd4 a6 6. Bxd7+ Bxd7 7. Nc3 e5 8. Qd3 h6 9. Nd2 Rc8 10. Nc4 Be6 11. Ne3 Nf6 12. O-O Be7 13. Ncd5 Nxd5 14. Nxd5 Bxd5 15. Qxd5 Rxc2 16. Qxb7 Qc8 17. Qa7 d5 18. Qe3 Bc5 19. Qg3 Bxf2+ 20. Rxf2 Rxc1+ 21. Rxc1 Qxc1+ 22. Rf1 Qc5+ 23. Kh1 O-O 24. Qxe5 Qc4 25. Re1 dxe4 26. b3 Qc2 27. Qxe4 Qxa2 28. Qc4 Rb8 29. Rf1 Qxb3 30. Qxa6 Qd5 31. h3 Re8 32. Qa3 h5 33. Qf3 Qxf3 34. Rxf3 Re4 35. Kg1 g6 36. Ra3 Kg7 37. Ra6 f5 38. g3 h4 39. gxh4 Rxh4 40. Kg2 Kh6 41. Kg3 Re4 42. Ra8 Re3+ 43. Kg2 Rb3 44. Rh8+ Kg5 45. Rg8 Ra3 46. Kh2 Kf6 47. Kg2 g5 48. Rb8 Re3 49. Rb5 Rd3 50. Ra5 Ke6 51. Rb5 Rd5 52. Rb3 Ke5 53. Kf3 Kd4 54. h4 Kc4 55. Ra3 Kb4 56. Ra8 gxh4 57. Rh8 h3 58. Rxh3 Rd3+ 59. Kg2 Rxh3 60. Kxh3 Kc5 61. Kg3 f4+ 1/2-1/2

[Event "Smuk Skak GM 2025"]
[Site "Skanderborg"]
[Date "2025.08.21"]
[Round "6.3"]
[White "Olsen, Filip Boe"]
[Black "Kistrup, Nicolai"]
[Result "1/2-1/2"]
[WhiteElo "2441"]
[BlackElo "2365"]
[WhiteFideId "1440640"]
[BlackFideId "1444816"]
[EventDate "2025.08.16"]
[EventType "tourn"]
[EventRounds "9"]
[EventCountry "DEN"]
[SourceTitle "Live v. Skanderborg Skakklub"]

1. d4 d5 2. c4 dxc4 3. Nf3 Nf6 4. Qa4+ Nc6 5. e3 Nd7 6. Qxc4 e5 7. dxe5 Nc5 8. Bd2 Bf5 9. Be2 Bd3 10. Qc3 Qd5 11. Na3 O-O-O 12. Nc2 Qe4 13. Ncd4 Nxd4 14. Nxd4 Bxe2 15. Kxe2 Qxg2 16. Rac1 Rd7 17. Qc2 Ne4 18. Rcf1 Qg6 19. Ke1 Nxd2 20. Kxd2 Qa6 21. Qc3 Kb8 22. Kc2 Qg6+ 23. Kc1 Rd5 24. Nb3 a5 25. a3 a4 26. Rd1 Rxd1+ 27. Rxd1 axb3 28. Rd8+ Ka7 29. Qxb3 Qc6+ 30. Kb1 g6 31. Qxf7 Bg7 32. Rxh8 Bxh8 33. f4 Qh1+ 34. Ka2 Qxh2 35. Qxc7 Qd2 36. Qc5+ Ka6 37. Qc4+ Kb6 38. Qg8 Qd7 39. Qxh8 Qd5+ 40. Kb1 Qd1+ 41. Ka2 Qd5+ 42. Kb1 Qd1+ 43. Ka2 Qd5+ 1/2-1/2

[Event "Smuk Skak GM 2025"]
[Site "Skanderborg"]
[Date "2025.08.21"]
[Round "6.4"]
[White "Fromm, Marius"]
[Black "Baklan, Vladimir"]
[Result "1/2-1/2"]
[WhiteElo "2407"]
[BlackElo "2554"]
[WhiteFideId "12993190"]
[BlackFideId "14102196"]
[EventDate "2025.08.16"]
[EventType "tourn"]
[EventRounds "9"]
[EventCountry "DEN"]
[SourceTitle "Live v. Skanderborg Skakklub"]

1. e4 e5 2. Nf3 Nc6 3. Bb5 a6 4. Ba4 Nf6 5. Nc3 Bb4 6. d3 Bxc3+ 7. bxc3 d6 8. O-O O-O 9. Bg5 Qe7 10. Re1 h6 11. Bh4 b5 12. Bb3 Na5 13. d4 Bg4 14. h3 Bxf3 15. Qxf3 g5 16. Bg3 Kg7 17. a4 c6 18. axb5 axb5 19. dxe5 dxe5 20. Qf5 Nxb3 21. cxb3 Rxa1 22. Rxa1 Re8 23. Rd1 Qe6 24. Qxe6 Rxe6 25. f3 Nh5 26. Bf2 Nf4 27. Kf1 Re8 28. Rd7 Ra8 29. Ba7 Ne6 30. Kf2 Kf8 31. b4 Ke8 32. Rb7 Nd8 33. Rc7 Ne6 34. Rb7 1/2-1/2

[Event "Smuk Skak GM 2025"]
[Site "Skanderborg"]
[Date "2025.08.21"]
[Round "6.5"]
[White "Ochsner, Bjorn Moller"]
[Black "Medhus, Vitus Bondo"]
[Result "1-0"]
[WhiteElo "2476"]
[BlackElo "2328"]
[WhiteFideId "1416928"]
[BlackFideId "1462547"]
[EventDate "2025.08.16"]
[EventType "tourn"]
[EventRounds "9"]
[EventCountry "DEN"]
[SourceTitle "Live v. Skanderborg Skakklub"]

1. e4 e5 2. Nf3 Nc6 3. Bc4 Nf6 4. d3 Bc5 5. c3 d6 6. O-O O-O 7. Re1 a6 8. a4 Ba7 9. h3 Be6 10. Bxe6 fxe6 11. Be3 Nh5 12. Bxa7 Rxa7 13. g3 Qf6 14. Nbd2 Qg6 15. Nf1 Raa8 16. Re3 Rf7 17. N1h2 Raf8 18. Qf1 Nf6 19. b4 a5 20. b5 Nb8 21. Ra2 h5 22. h4 Ng4 23. Nxg4 Rxf3 24. Rxf3 Rxf3 25. Nh2 Rf7 26. Qe2 Nd7 27. Nf3 Qg4 28. Kg2 Rf6 29. Qe3 Nf8 30. Rd2 Qg6 31. Qa7 Qh6 32. Rc2 Qg6 33. Rd2 Qh6 34. Rd1 Qg6 35. Re1 Nh7 36. Qxb7 Rf7 37. Qb8+ Rf8 38. Qxc7 Qf6 39. Re3 g5 40. Qxd6 g4 41. b6 gxf3+ 42. Kg1 Rf7 43. c4 Qg6 44. c5 Qg4 45. Kh2 Nf8 46. c6 Kh7 47. Qxe5 Ng6 48. Qg5 Qxg5 49. hxg5 Ne5 50. c7 Ng4+ 51. Kg1 h4 52. gxh4 Nxe3 53. fxe3 f2+ 54. Kf1 Rf3 55. c8=Q Rxe3 56. Kxf2 Rxd3 57. b7 Kg6 58. b8=Q Kh5 59. Qf4 e5 60. Qe8# 1-0

[Event "Smuk Skak GM 2025"]
[Site "Skanderborg"]
[Date "2025.08.22"]
[Round "7.1"]
[White "Baklan, Vladimir"]
[Black "Pajeken, Jakob Leon"]
[Result "1/2-1/2"]
[WhiteElo "2554"]
[BlackElo "2443"]
[WhiteFideId "14102196"]
[BlackFideId "12942839"]
[EventDate "2025.08.16"]
[EventType "tourn"]
[EventRounds "9"]
[EventCountry "DEN"]
[SourceTitle "Live v. Skanderborg Skakklub"]

1. e4 e5 2. Nf3 Nc6 3. Bc4 Bc5 4. d3 d6 5. Be3 Bxe3 6. fxe3 Be6 7. Bxe6 fxe6 8. O-O Nf6 9. Nbd2 O-O 10. c3 a5 11. a4 b6 12. Qb3 Qe7 13. d4 Rad8 14. Rae1 Qd7 15. d5 exd5 16. exd5 Ne7 17. Ng5 Rde8 18. Ne6 Rf7 19. c4 Ng6 20. h3 h6 21. Qc2 Nf8 22. Nxf8 Rexf8 23. b3 Qe7 24. Qg6 Nd7 25. Ne4 Rxf1+ 26. Rxf1 Rxf1+ 27. Kxf1 Qf7+ 28. Qxf7+ Kxf7 29. Ke2 Nc5 30. Nxc5 bxc5 31. e4 Kf6 32. Kf3 Kg5 33. g3 h5 34. h4+ Kf6 35. g4 g6 36. g5+ 1/2-1/2

[Event "Smuk Skak GM 2025"]
[Site "Skanderborg"]
[Date "2025.08.22"]
[Round "7.2"]
[White "Kaasen, Tor Fredrik"]
[Black "Olsen, Filip Boe"]
[Result "1/2-1/2"]
[WhiteElo "2478"]
[BlackElo "2441"]
[WhiteFideId "1516647"]
[BlackFideId "1440640"]
[EventDate "2025.08.16"]
[EventType "tourn"]
[EventRounds "9"]
[EventCountry "DEN"]
[SourceTitle "Live v. Skanderborg Skakklub"]

1. d4 d5 2. c4 e6 3. Nf3 Nf6 4. Nc3 c6 5. e3 Nbd7 6. Bd3 dxc4 7. Bxc4 b5 8. Bd3 b4 9. Ne4 Nxe4 10. Bxe4 Bb7 11. Nd2 Be7 12. O-O O-O 13. b3 Rc8 14. Bb2 Ba6 15. Re1 c5 16. Rc1 Bf6 17. Nf3 Nb6 18. Rxc5 Rxc5 19. dxc5 Qxd1 20. Rxd1 Bxb2 21. cxb6 axb6 22. Rd6 Rb8 23. Nd4 Kf8 24. Rd7 e5 25. Nc6 Rc8 26. Bd5 Bb5 27. Rxf7+ Ke8 28. Re7+ Kf8 29. Re6 Bxc6 30. Rxc6 Rxc6 31. Bxc6 Ke7 32. Be4 h6 33. Kf1 Bc3 34. Ke2 Ke6 35. Kd3 Be1 36. Ke2 Bc3 37. Bd3 Kd5 38. Bc4+ Kd6 39. Kd3 Be1 40. f3 Ke7 41. Bg8 Kd6 42. g3 Ke7 43. Ke4 Bd2 44. Bh7 Ke6 45. Bg6 Ke7 46. Kd3 Be1 47. Ke2 Bc3 48. h4 Kf6 49. h5 Ke6 50. Bh7 Kd6 51. Bg8 Ke7 52. Kd3 Be1 53. Kc4 Kd6 54. Kb5 Kc7 55. f4 e4 56. Kc4 Bxg3 57. Kd4 Kd6 58. Kxe4 Bf2 59. Kd4 Bg1 60. Kd3 Bf2 61. e4 Bc5 62. e5+ Ke7 63. Ke4 Bf2 64. Bc4 Bc5 65. Kf5 Be3 66. Kg6 Bxf4 67. Kxg7 Bg5 68. e6 Be3 69. Kg6 1/2-1/2

[Event "Smuk Skak GM 2025"]
[Site "Skanderborg"]
[Date "2025.08.22"]
[Round "7.3"]
[White "Kanov, Nikola Krasimirov"]
[Black "Korneev, Oleg"]
[Result "1/2-1/2"]
[WhiteElo "2429"]
[BlackElo "2452"]
[WhiteFideId "2928531"]
[BlackFideId "4156803"]
[EventDate "2025.08.16"]
[EventType "tourn"]
[EventRounds "9"]
[EventCountry "DEN"]
[SourceTitle "Live v. Skanderborg Skakklub"]

1. e4 e5 2. Nf3 Nc6 3. Bc4 Bc5 4. O-O Nf6 5. d3 d6 6. c3 O-O 7. h3 h6 8. Re1 a5 9. Bb5 Bd7 10. d4 Ba7 11. Ba4 Re8 12. Bc2 exd4 13. cxd4 Nb4 14. Nc3 Nxc2 15. Qxc2 b5 16. Bf4 b4 17. Nb1 d5 18. e5 Ne4 19. Nbd2 Bf5 20. Be3 Qd7 21. Qd1 c5 22. dxc5 Nxc5 23. Bxc5 Bxc5 24. Nb3 Bb6 25. Rc1 Rac8 26. Qd2 Rxc1 27. Rxc1 Be4 28. Nbd4 Rc8 29. Rd1 Qa4 30. b3 Qd7 31. Qe2 Rc3 32. Qa6 Qa7 33. Qe2 Qc7 34. Qb5 Rc1 35. Rxc1 Qxc1+ 36. Kh2 Bxd4 37. Nxd4 Qf4+ 38. Kg1 Qc1+ 39. Qf1 Qb2 40. Nc6 Qxa2 41. Qb5 Kh7 42. f3 Qxb3 43. fxe4 Qe3+ 44. Kh2 Qf4+ 45. Kh1 Qc1+ 46. Kh2 Qf4+ 47. Kh1 Qc1+ 1/2-1/2

[Event "Smuk Skak GM 2025"]
[Site "Skanderborg"]
[Date "2025.08.22"]
[Round "7.4"]
[White "Medhus, Vitus Bondo"]
[Black "Fromm, Marius"]
[Result "1/2-1/2"]
[WhiteElo "2328"]
[BlackElo "2407"]
[WhiteFideId "1462547"]
[BlackFideId "12993190"]
[EventDate "2025.08.16"]
[EventType "tourn"]
[EventRounds "9"]
[EventCountry "DEN"]
[SourceTitle "Live v. Skanderborg Skakklub"]

1. e4 c5 2. Nf3 e6 3. d4 cxd4 4. Nxd4 Nf6 5. Nc3 Nc6 6. Nxc6 bxc6 7. e5 Nd5 8. Ne4 Bb7 9. Be2 c5 10. O-O Qc7 11. Nd6+ Bxd6 12. exd6 Qc6 13. f3 Qb6 14. c4 Nb4 15. Be3 a5 16. Qa4 Qxd6 17. Qb5 Qe5 18. Qxc5 Qxb2 19. Rae1 Bc6 20. Bd4 Qd2 21. Bxg7 Rg8 22. Bf6 d6 23. Qb6 Kd7 24. Qf2 Qf4 25. Bh4 Nc2 26. Bg3 Qe3 27. Rd1 e5 28. Bd3 Qxf2+ 29. Kxf2 Nd4 30. Bxh7 Rg7 31. Bb1 Rb8 32. Rd2 Rb4 33. c5 Rxg3 34. Kxg3 dxc5 35. h4 c4 36. a3 Rb8 37. Be4 c3 38. Bxc6+ Kxc6 39. Rd3 Kd5 40. Rc1 Rb3 41. Kg4 Kc4 42. Re3 c2 43. Rxe5 Rb1 44. Ree1 Rb8 45. Re7 f5+ 46. Kf4 Kc3 47. Rc7+ Kd2 48. R1xc2+ Nxc2 49. Rc5 Ne1 50. Rxf5 a4 51. g4 Rb3 52. h5 Rxa3 53. h6 Rxf3+ 54. Kg5 Rh3 55. Kg6 a3 56. h7 Nd3 57. Rh5 Nf4+ 58. Kh6 Nxh5 59. gxh5 Rc3 60. h8=Q Kc2 61. Qh7+ Kb2 62. Qb7+ Rb3 63. Qg2+ Kb1 64. Qf1+ Kb2 65. Qf2+ Kb1 66. Qe1+ Kb2 67. Qe2+ Kb1 68. Qd1+ Kb2 69. Qe2+ Kb1 70. Qe4+ Kb2 71. Qe5+ Kb1 72. Qe6 Kb2 73. Qf6+ Kb1 74. Qf5+ Kb2 75. Qe5+ Kb1 76. Qe4+ Kb2 77. Qd4+ Kb1 78. Qd1+ 1/2-1/2

[Event "Smuk Skak GM 2025"]
[Site "Skanderborg"]
[Date "2025.08.22"]
[Round "7.5"]
[White "Kistrup, Nicolai"]
[Black "Ochsner, Bjorn Moller"]
[Result "1/2-1/2"]
[WhiteElo "2365"]
[BlackElo "2476"]
[WhiteFideId "1444816"]
[BlackFideId "1416928"]
[EventDate "2025.08.16"]
[EventType "tourn"]
[EventRounds "9"]
[EventCountry "DEN"]
[SourceTitle "Live v. Skanderborg Skakklub"]

1. e4 c5 2. Nf3 d6 3. d4 cxd4 4. Nxd4 Nf6 5. Nc3 Nc6 6. Bg5 Bd7 7. Nxc6 Bxc6 8. Bxf6 gxf6 9. Bb5 Rg8 10. O-O Qd7 11. Qe2 f5 12. a4 Bg7 13. Nd5 fxe4 14. Qxe4 Kf8 15. Bxc6 bxc6 16. Ne3 Bxb2 17. Rab1 Be5 18. f4 Bf6 19. Qxh7 Rg6 20. f5 Rg5 21. Rb4 Rg7 22. Qh3 c5 23. Rg4 Rxg4 24. Nxg4 Qxa4 25. c3 Qe4 26. Nxf6 exf6 27. Qh6+ Ke7 28. Qd2 Kd7 29. Re1 Qxf5 30. Qa2 Qf4 31. Qxf7+ Kc6 32. Qa2 a5 33. Qb1 Rh8 34. g3 Qd2 35. Qe4+ Kc7 36. Qe7+ Kc6 37. Qe4+ Kc7 38. Qe7+ Kc6 39. Qe4+ Kc7 1/2-1/2

[Event "Smuk Skak GM 2025"]
[Site "Skanderborg"]
[Date "2025.08.23"]
[Round "8.1"]
[White "Pajeken, Jakob Leon"]
[Black "Medhus, Vitus Bondo"]
[Result "1/2-1/2"]
[WhiteElo "2443"]
[BlackElo "2328"]
[WhiteFideId "12942839"]
[BlackFideId "1462547"]
[EventDate "2025.08.16"]
[EventType "tourn"]
[EventRounds "9"]
[EventCountry "DEN"]
[SourceTitle "Live v. Skanderborg Skakklub"]

1. Nf3 d5 2. g3 Bg4 3. Bg2 e6 4. c4 c6 5. cxd5 exd5 6. O-O Nd7 7. Qb3 Qb6 8. Qc2 Ngf6 9. d3 Bd6 10. e4 Bxf3 11. Bxf3 dxe4 12. dxe4 O-O 13. Nc3 Rfe8 14. Be3 Qa5 15. Bg2 Ng4 16. Bd2 Qh5 17. h3 Nge5 18. Rad1 Rad8 19. Bf4 Nf8 20. Ne2 Qg6 21. Be3 Qe6 22. b3 Bb8 23. Nd4 Qc8 24. f4 Neg6 25. Qc3 Ne7 26. Bc1 c5 27. Nf3 Ne6 28. Bb2 Nc6 29. Kh1 b6 30. Rd5 Ned4 31. Nxd4 Nxd4 32. Rxd8 Rxd8 33. b4 Bd6 34. Qe3 Bf8 35. bxc5 Bxc5 36. f5 Nxf5 37. Qf4 Nd4 38. Qxf7+ Kh8 39. Bxd4 Bxd4 40. Qxa7 Rf8 41. Rxf8+ 1/2-1/2

[Event "Smuk Skak GM 2025"]
[Site "Skanderborg"]
[Date "2025.08.23"]
[Round "8.2"]
[White "Korneev, Oleg"]
[Black "Baklan, Vladimir"]
[Result "1/2-1/2"]
[WhiteElo "2452"]
[BlackElo "2554"]
[WhiteFideId "4156803"]
[BlackFideId "14102196"]
[EventDate "2025.08.16"]
[EventType "tourn"]
[EventRounds "9"]
[EventCountry "DEN"]
[SourceTitle "Live v. Skanderborg Skakklub"]

1. c4 e6 2. Nf3 d5 3. d4 Nf6 4. Nc3 c6 5. Bg5 dxc4 6. e4 b5 7. e5 h6 8. Bh4 g5 9. Nxg5 hxg5 10. Bxg5 Nbd7 11. exf6 Bb7 12. g3 c5 13. d5 Nxf6 14. Bg2 Be7 15. O-O Nxd5 16. Bxe7 Kxe7 17. Nxb5 Qb6 18. Na3 Rh4 19. gxh4 Rg8 20. Nxc4 Qa6 21. Qb3 Nf4 22. f3 Rxg2+ 23. Kh1 Bd5 24. Rac1 Re2 25. Qb8 Qxc4 26. Qc7+ Ke8 27. Qc8+ Ke7 28. Qc7+ Ke8 29. Qc8+ Ke7 30. Qc7+ Ke8 31. Qc8+ 1/2-1/2

[Event "Smuk Skak GM 2025"]
[Site "Skanderborg"]
[Date "2025.08.23"]
[Round "8.3"]
[White "Olsen, Filip Boe"]
[Black "Kanov, Nikola Krasimirov"]
[Result "1/2-1/2"]
[WhiteElo "2441"]
[BlackElo "2429"]
[WhiteFideId "1440640"]
[BlackFideId "2928531"]
[EventDate "2025.08.16"]
[EventType "tourn"]
[EventRounds "9"]
[EventCountry "DEN"]
[SourceTitle "Live v. Skanderborg Skakklub"]

1. Nf3 c5 2. c4 Nc6 3. d4 cxd4 4. Nxd4 Nf6 5. Nc3 e6 6. e4 Bb4 7. Nxc6 bxc6 8. Bd3 e5 9. O-O O-O 10. h3 Bc5 11. Re1 d6 12. Be3 Nd7 13. Na4 Bxe3 14. Rxe3 Nc5 15. Bf1 Ne6 16. c5 Nd4 17. Rc1 Rb8 18. Qe1 Be6 19. b3 f6 20. cxd6 Qxd6 21. Nc5 Bf7 22. Qa5 Rfd8 23. Rec3 Qe7 24. b4 Kh8 25. Ra3 Ra8 26. Qa6 Rdb8 27. Ra4 h5 28. Qd3 g5 29. Qd1 Rd8 30. Ra6 Rg8 31. Nb3 Bxb3 32. Qxh5+ Kg7 33. axb3 Rh8 34. Qd1 Qxb4 35. Rca1 Qb7 36. R1a3 Rhd8 37. Qg4 Rh8 38. Qd1 Kg6 39. Be2 Rad8 40. Rxa7 Nf3+ 41. Bxf3 Rxd1+ 42. Bxd1 Qb4 43. Be2 Qxe4 44. Bf1 Rd8 45. Ra8 Rd1 46. Ra1 Rxa1 47. Rxa1 Qc2 48. b4 f5 49. Ra6 Kh5 50. Ra5 Qb2 51. Rc5 g4 52. hxg4+ Kxg4 53. Rxc6 e4 54. Rc4 Qb1 55. b5 Kg5 56. g3 Qb2 57. b6 Qxb6 58. Rc3 Qb1 59. Re3 Kf6 60. Kg2 Ke5 61. Kg1 Kd4 62. Kg2 Qc1 63. Kg1 Qd1 64. Kg2 Qg4 65. Kh2 Qh5+ 66. Kg1 Qg6 67. Kh2 Qh6+ 68. Kg2 Ke5 69. Kg1 Qg7 70. Kh2 Qg8 71. Kh1 Qg7 72. Kh2 Kd4 73. Kh1 Qh6+ 74. Kg2 Qh8 75. Kg1 Qb8 76. Kg2 Qa8 77. Kg1 Ke5 78. Kg2 Kf6 79. Kg1 Qg8 80. Kh2 Qg7 81. Kh1 Kg5 82. Kh2 Qg8 83. Kh1 Qh8+ 84. Kg2 Kf6 85. Kg1 Qg8 86. Kh2 Qa2 87. Kg1 Kg5 88. Kg2 Qa7 89. Kg1 Qh7 90. Kg2 Qg8 91. Kg1 Qg6 92. Kh2 Kf6 93. Kh1 Ke5 94. Kh2 Qh7+ 95. Kg1 Qh8 96. Kg2 Qg8 97. Kh2 Qg7 98. Kh1 Qh6+ 99. Kg1 Qh7 100. Kg2 Qg6 101. Kh2 Kf6 102. Kh1 Qg8 103. Kh2 Ke5 1/2-1/2